000 00413nam a2200193Ia 4500
008 240510s9999 xx 000 0 und d
020 _a0000632018852
041 _aEng
082 _a006.4
082 _bJ15
100 _aJAMES, Mike
245 0 _aPattern recognition
260 _bOxford : BSP
260 _c1987
300 _a144 p.
650 _aPattern recognition
942 _2ddc
942 _cLBK
999 _c25715
_d25715
945 _a1
_bMadushi Gamage
_c1
_dMadushi Gamage